| 000 | 00307nam a22001097a 4500 | ||
|---|---|---|---|
| 082 | _a320/DEO | ||
| 100 |
_aDeodhar,V.N. _981462 |
||
| 245 | _aPandit Deendayal Upadhyaya Ideology and Perception A Profile | ||
| 260 |
_aNew Delhi _bSuruchi Prakashan _c1991 |
||
| 650 |
_aPolitcal Science _972247 |
||
| 942 | _cBK | ||
| 999 |
_c65463 _d65463 |
||